Airlines by their IATA Code America Continent only - Statistics

General Stats
  • This quiz has been taken 33 times
  • The average score is 9 of 44
Answer Stats
IATA Code Airline Name % Correct
AA American Airlines
100%
DL Delta Airlines
83%
AC Air Canada
75%
UA United Airlines
71%
AM Aeromexico
63%
AS Alaska Airlines
46%
AV Avianca
38%
F9 Frontier
25%
WN Southwest
25%
NK Spirit
25%
CM Copa Airlines
21%
V0 Conviasa
17%
CU Cubana de Aviacion
17%
B6 Jetblue Airways
17%
Y2 Air Century
13%
JM Air Jamaica
13%
BW Caribbean Airlines
13%
G3 GOL
13%
LA LAN Airlines
13%
QL Laser Airlines
13%
5R Rutaca Airlines
13%
H2 Sky Airlines
13%
EQ TAME
13%
T9 Turpial Airlines
13%
AR Aerolinea Argentinas
8%
3S Air Antilles
8%
G4 Allegiant Air
8%
9V Avior Ailrines
8%
AD Azul
8%
UP Bahamasair
8%
OB Boliviana de Aviancion
8%
KX Cayman Aiways
8%
VE Easyfly
8%
JY Inter Caribbean Airways
8%
4O Interjet
8%
LI Liat
8%
P9 Peruvian
8%
9R Satena
8%
S6 Sunrise Airways
8%
PY Surinam Airways
8%
OM TAM
8%
VH Viva Colombia
8%
VV Viva Peru
8%
Y4 Volaris
8%
No matching quizzes found
Score Distribution
Percent of People with Each Score
Percentile by Number Answered
Your Score History
You have not taken this quiz